Writing proposals / (Record no. 1838)
[ view plain ]
| 000 -LEADER | |
|---|---|
| fixed length control field | 01018cam a2200205 4500 |
| 001 - CONTROL NUMBER | |
| control field | 2306 |
| 005 - DATE AND TIME OF LATEST TRANSACTION | |
| control field | 20181127164923.0 |
| 008 - FIXED-LENGTH DATA ELEMENTS--GENERAL INFORMATION | |
| fixed length control field | 070607s2008 nyua b 001 0 eng |
| 010 ## - LIBRARY OF CONGRESS CONTROL NUMBER | |
| LC control number | 2007023405 |
| 020 ## - INTERNATIONAL STANDARD BOOK NUMBER | |
| International Standard Book Number | 0205583148 (pbk.) |
| International Standard Book Number | 9780205583140 (pbk.) |
| 100 1# - MAIN ENTRY--PERSONAL NAME | |
| Personal name | Johnson-Sheehan, Richard. |
| 245 10 - TITLE STATEMENT | |
| Title | Writing proposals / |
| Statement of responsibility, etc. | Richard Johnson-Sheehan. |
| 250 ## - EDITION STATEMENT | |
| Edition statement | 2nd ed. |
| 260 ## - PUBLICATION, DISTRIBUTION, ETC. | |
| Place of publication, distribution, etc. | New York : |
| Name of publisher, distributor, etc. | Pearson/Longman, |
| Date of publication, distribution, etc. | c2008. |
| 300 ## - PHYSICAL DESCRIPTION | |
| Extent | xii, 270 p. : |
| Other physical details | ill. ; |
| Dimensions | 24 cm. |
| 504 ## - BIBLIOGRAPHY, ETC. NOTE | |
| Bibliography, etc. note | Includes bibliographical references (p. 267) and index. |
| 505 0# - FORMATTED CONTENTS NOTE | |
| Formatted contents note | Introduction to proposals and grants -- Analyzing problems and opportunities -- Strategic planning for proposals and grants -- Describing the current situation -- Developing a project plan -- Describing qualifications -- Introductions, costs, and benefits -- Developing budgets -- Writing with style -- Designing proposals -- Using graphics -- The final touches -- Example proposals -- References -- Index. |
| 650 #0 - SUBJECT ADDED ENTRY--TOPICAL TERM | |
| Topical term or geographic name entry element | Proposal writing in business. |
| Withdrawn status | Lost status | Source of classification or shelving scheme | Damaged status | Not for loan | Collection code | Home library | Current library | Shelving location | Serial Enumeration / chronology | Inventory number | Total Checkouts | Full call number | Barcode | Date last seen | Price effective from | Koha item type |
|---|---|---|---|---|---|---|---|---|---|---|---|---|---|---|---|---|
| Dewey Decimal Classification | Main TEST | RTC Library | RTC Library | Main opac | 622 | 808.066 JOH | 30001143 | 27/11/2018 | 27/11/2018 | Main |